<?xml version="1.0" encoding="UTF-8"?>
<record
    xmlns:xsi="http://www.w3.org/2001/XMLSchema-instance"
    xsi:schemaLocation="http://www.loc.gov/MARC21/slim http://www.loc.gov/standards/marcxml/schema/MARC21slim.xsd"
    xmlns="http://www.loc.gov/MARC21/slim">

  <leader>02329nam a2200301   4500</leader>
  <controlfield tag="001">353</controlfield>
  <controlfield tag="003">OSt</controlfield>
  <controlfield tag="005">20250401135024.0</controlfield>
  <controlfield tag="008">250401b        |||||||e |||| 00| 1 eng d</controlfield>
  <datafield tag="020" ind1=" " ind2=" ">
    <subfield code="a">8586474622</subfield>
  </datafield>
  <datafield tag="040" ind1=" " ind2=" ">
    <subfield code="b">por</subfield>
  </datafield>
  <datafield tag="041" ind1=" " ind2=" ">
    <subfield code="h">por</subfield>
  </datafield>
  <datafield tag="082" ind1=" " ind2=" ">
    <subfield code="a">133.93</subfield>
    <subfield code="b">C672s</subfield>
  </datafield>
  <datafield tag="100" ind1="1" ind2=" ">
    <subfield code="a">Schellida</subfield>
    <subfield code="c">(Esp&#xED;rito)</subfield>
    <subfield code="9">735</subfield>
  </datafield>
  <datafield tag="245" ind1=" " ind2=" ">
    <subfield code="a">Sem regras para Amar / </subfield>
    <subfield code="c">Schellida (espirito)  ; Psicografado por Eliana Machado Coelho</subfield>
  </datafield>
  <datafield tag="250" ind1=" " ind2=" ">
    <subfield code="a">2 ed.</subfield>
  </datafield>
  <datafield tag="260" ind1=" " ind2=" ">
    <subfield code="a">S&#xE3;o Paulo</subfield>
    <subfield code="b">L&#xFA;men</subfield>
    <subfield code="c">2003</subfield>
  </datafield>
  <datafield tag="300" ind1=" " ind2=" ">
    <subfield code="a">499 p.</subfield>
  </datafield>
  <datafield tag="520" ind1=" " ind2=" ">
    <subfield code="a">Gilda &#xE9; uma mulher rica, casada com o empres&#xE1;rio Adalberto, m&#xE3;e de Lara, Eduardo e &#xC9;rika. Arrogante, prepotente e orgulhosa, ela sempre consegue o que quer gra&#xE7;as ao poder da sua posi&#xE7;&#xE3;o social.
Mas a vida d&#xE1; muitas voltas. Os problemas de Gilda come&#xE7;am quando Lara morre em um acidente automobil&#xED;stico. Aumentam quando a filha &#xC9;rika apaixona-se por Jo&#xE3;o Carlos , professor em uma academia de muscula&#xE7;&#xE3;o e... negro. Crescem ainda mais quando Eduardo envolve-se com Helena, mo&#xE7;a simples e...humilde...
Ent&#xE3;o, determinada a acabar com os dois romances de seus filhos, Gilda passa a colocar em pr&#xE1;tica seus planos para atrapalhar a vida de todos, assumindo os seus preconceitos racial e social. Instala-se naquela mans&#xE3;o a desarmonia e a obsess&#xE3;o que trar&#xE3;o consequ&#xEA;ncias desagrad&#xE1;veis para toda a fam&#xED;lia. Na espiritualidade, por&#xE9;m, os mentores est&#xE3;o atentos, acompanhando o desenrolar da hist&#xF3;ria com firmeza e cuidado, a fim de evitar o pior: um crime de morte.
Em Sem Regras Para Amar, mais uma vez o Esp&#xED;rito Schellida nos passa elevados ensinamentos sobre o verdadeiro amor no plano espiritual, demonstrando-nos que a cor da pele e a posi&#xE7;&#xE3;o social s&#xE3;o meras e passageiras experi&#xEA;ncias terrenas. H&#xE1; que se valorizar o sentimento e o interior de cada um. Pela psicografia de Eliana Machado Coelho, Schellida mostra, com clareza, que o amor puro n&#xE3;o possui regras e n&#xE3;o pode estar subordinado ao orgulho e &#xE0; vaidade. Ele &#xE9; maior e livre porque vem de Deus! E assim &#xE9;..</subfield>
  </datafield>
  <datafield tag="650" ind1=" " ind2="0">
    <subfield code="a">Literatura Brasileira</subfield>
    <subfield code="9">205</subfield>
  </datafield>
  <datafield tag="650" ind1=" " ind2="0">
    <subfield code="a">Psicografias</subfield>
    <subfield code="9">485</subfield>
  </datafield>
  <datafield tag="650" ind1=" " ind2="0">
    <subfield code="a">Estudos Esp&#xED;ritas </subfield>
    <subfield code="9">165</subfield>
  </datafield>
  <datafield tag="650" ind1=" " ind2="0">
    <subfield code="a">Auto Conhecimento</subfield>
    <subfield code="9">19</subfield>
  </datafield>
  <datafield tag="650" ind1=" " ind2="0">
    <subfield code="a">Mediunidade</subfield>
    <subfield code="9">166</subfield>
  </datafield>
  <datafield tag="655" ind1=" " ind2="0">
    <subfield code="a">Romance</subfield>
    <subfield code="9">23</subfield>
  </datafield>
  <datafield tag="700" ind1=" " ind2=" ">
    <subfield code="a">Coelho , Eliana Machado.</subfield>
    <subfield code="e">(m&#xE9;dium)</subfield>
    <subfield code="d">1929-2017</subfield>
  </datafield>
  <datafield tag="942" ind1=" " ind2=" ">
    <subfield code="2">ddc</subfield>
    <subfield code="n">0</subfield>
    <subfield code="c">BK</subfield>
  </datafield>
  <datafield tag="952" ind1=" " ind2=" ">
    <subfield code="0">0</subfield>
    <subfield code="1">0</subfield>
    <subfield code="2">ddc</subfield>
    <subfield code="4">0</subfield>
    <subfield code="7">0</subfield>
    <subfield code="8">NFIC</subfield>
    <subfield code="a">BIBIB</subfield>
    <subfield code="b">BIBIB</subfield>
    <subfield code="c">ESP</subfield>
    <subfield code="d">2025-04-01</subfield>
    <subfield code="e">doa&#xE7;&#xE3;o</subfield>
    <subfield code="l">0</subfield>
    <subfield code="o">133.93  /  S322s</subfield>
    <subfield code="p">2025-17304</subfield>
    <subfield code="r">2025-04-01 09:04:46</subfield>
    <subfield code="w">2025-04-01</subfield>
    <subfield code="y">BK</subfield>
  </datafield>
  <datafield tag="999" ind1=" " ind2=" ">
    <subfield code="c">353</subfield>
    <subfield code="d">353</subfield>
  </datafield>
</record>
